| 000 | 01429cam a22003977a 4500 | ||
|---|---|---|---|
| 003 | CHAP | ||
| 005 | 20220817043629.0 | ||
| 008 | 000228d1994 ii a r 00010 eng d | ||
| 010 | _a80152 | ||
| 011 | _a81124 | ||
| 020 | _a9290663014 | ||
| 035 | _a91586 | ||
| 040 | _cCHAP | ||
| 090 | _aFolleto 15582 | ||
| 100 | 0 | 0 |
_aSivakumar, M. V. K. _9106798 |
| 245 | 1 | 0 |
_aInter-center collaboration at the ICRISAT Sahelian center _c/by M. V. K. Sivakumar [and others] |
| 260 |
_aAndhra Pradesh, India : _bInternational Crops Research Institute for the Semi-Arid Tropics, _c1994. |
||
| 300 |
_a27 p. : _bilus. ; gráfs. ; cuadros |
||
| 410 | _aInternational Crops Research Institute for the Semi-Arid Tropics | ||
| 490 | 0 |
_aResearch bulletin _v; 18 |
|
| 590 |
_aBATCH-UPD _b10 _c20130110 _lUCH01 _h0452 |
||
| 590 |
_aBATCH-UPD _b10 _c20130110 _lUCH01 _h2240 |
||
| 590 |
_aBATCH-UPD _b10 _c20130410 _lUCH01 _h0129 |
||
| 590 |
_aCONVERSION _b10 _c20130109 _lUCH01 _h1345 |
||
| 650 | 1 | 4 | _aAgricultura sustentable. |
| 650 | 1 | 4 |
_aAgricultura _xAfrica _zAfrica. _9175391 |
| 650 | 1 | 4 | _aDesarrollo sustentable. |
| 700 | 0 |
_aBationo, A. _910809 |
|
| 700 | 0 |
_aRenard, Claude B. _995892 |
|
| 810 | _aInternational Crops Research Institute for the Semi-Arid Tropics | ||
| 830 | 0 |
_aResearch bulletin _v; 18 _996062 |
|
| 901 | _aBK | ||
| 905 | _aMarco A. Mendoza T. | ||
| 942 | _cFOLL | ||
| 949 |
_aFolleto 15582 _bBC _cFOLL _d915861 _eTS1 _i91586 _sb |
||
| 999 |
_c80152 _d80152 |
||